000 00443nam a22001817a 4500
003 MPLRDC
005 20220104123617.0
008 210129b ||||| |||| 00| 0 eng d
020 _a957-529-506-4
082 _a292.92 SDXZ
100 _a砂町玄舟
245 _a最新梦的诊断
_c张澄译
250 _a初版
260 _a台湾
_b世茂出版社
_c1995
300 _b208
650 _a占卜--占梦
942 _cBK
_o292.92 SDXZ
999 _c12778
_d12768